| 000 | 01134cam a2200337 i 4500 | ||
|---|---|---|---|
| 005 | 20260322212004.0 | ||
| 008 | data | ||
| 010 | _a 2012533144 | ||
| 020 | _a9780813560557 (pbk.) | ||
| 020 | _z9780813560571 (ebook) | ||
| 020 | _a0813560551 | ||
| 040 |
_aDLC _beng _cDLC _erda _dDLC |
||
| 042 | _apcc | ||
| 050 | 0 | 0 |
_aPN1993.5.A1 _bD53 2013 |
| 082 | 0 | 0 |
_a791.43/7 _223 |
| 092 | _a791.43 SHO 2013 | ||
| 100 | 1 |
_aDixon, Wheeler W., _d1950- |
|
| 245 | 1 | 2 |
_aA short history of film / _cWheeler W. Dixon & Gwendolyn Audrey Foster. |
| 250 | _aSecond edition. | ||
| 260 |
_aNew Brunswick, NJ : _bRutgers Unniversity Press, _c2013. |
||
| 264 | 1 |
_aNew Brunswick, New Jersey : _bRutgers University Press, _c[2013] |
|
| 300 |
_axxxvi, 449 pages, 12 unnumbered pages of plates : _billustrations (some color) ; _c26 cm |
||
| 336 |
_atext _2rdacontent |
||
| 337 |
_aunmediated _2rdamedia |
||
| 338 |
_avolume _2rdacarrier |
||
| 504 | _aIncludes bibliographical references (pages 395-415) and index. | ||
| 650 | 0 |
_aMotion pictures _xHistory. |
|
| 650 | 0 |
_aMotion picture industry _xHistory. |
|
| 700 | 1 | _aFoster, Gwendolyn Audrey. | |
| 001 | data | ||
| 999 |
_c61 _d61 |
||